| 000 -LEADER |
| fixed length control field |
01780cam a2200289 i 4500 |
| 003 - CONTROL NUMBER IDENTIFIER |
| control field |
OSt |
| 005 - DATE AND TIME OF LATEST TRANSACTION |
| control field |
20240626193411.0 |
| 008 - FIXED-LENGTH DATA ELEMENTS--GENERAL INFORMATION |
| fixed length control field |
200515s2020 ne ab b 001 0 eng |
| 010 ## - LIBRARY OF CONGRESS CONTROL NUMBER |
| LC control number |
2020502232 |
| 020 ## - INTERNATIONAL STANDARD BOOK NUMBER |
| International Standard Book Number |
9789492095787 |
| Qualifying information |
(softcover) |
| 035 ## - SYSTEM CONTROL NUMBER |
| System control number |
(NL-AmEBA)000337406 |
| 042 ## - AUTHENTICATION CODE |
| Authentication code |
pcc |
| 082 ## - DEWEY DECIMAL CLASSIFICATION NUMBER |
| Classification number |
307.1416 |
| 100 1# - MAIN ENTRY--PERSONAL NAME |
| Personal name |
Hajer, Maarten A., |
| Dates associated with a name |
1962- |
| Relator term |
author. |
| 245 10 - TITLE STATEMENT |
| Title |
Neighbourhoods for the future : |
| Remainder of title |
a plea for a social and ecological urbanism / |
| Statement of responsibility, etc |
Maarten Hajer [and four others]. |
| 246 3# - VARYING FORM OF TITLE |
| Title proper/short title |
Neighborhoods for the future |
| 300 ## - PHYSICAL DESCRIPTION |
| Extent |
222 pages : |
| Other physical details |
illustrations (chiefly color), maps ; |
| Dimensions |
23 cm |
| 504 ## - BIBLIOGRAPHY, ETC. NOTE |
| Bibliography, etc |
Includes bibliographical references and index. |
| 520 ## - SUMMARY, ETC. |
| Summary, etc |
"To provide for ever-growing populations, cities build new neighbourhoods, transform old industrial areas, and renew the existing urban fabric. The focus now is on energy-neutral neighbourhoods, but in order for these to work, residents must be engaged and the tactics embedded within a broader social policy. This book revisits the neighbourhood as the appropriate scale to build our urban futures: it is small enough to be tangible, large enough to make a difference. Introducing the concepts of neighbourhood arrangements and ecologies, it provides a new perspective on the relation between participants, resources, and rules to spark change and realise future sustainable living"--Publisher info. |
| 650 #0 - SUBJECT ADDED ENTRY--TOPICAL TERM |
| Topical term or geographic name as entry element |
Neighborhood planning |
| General subdivision |
Environmental aspects. |
| 650 #0 - SUBJECT ADDED ENTRY--TOPICAL TERM |
| Topical term or geographic name as entry element |
Sociology, Urban. |
| 650 #0 - SUBJECT ADDED ENTRY--TOPICAL TERM |
| Topical term or geographic name as entry element |
Sustainable urban development. |
| 650 #0 - SUBJECT ADDED ENTRY--TOPICAL TERM |
| Topical term or geographic name as entry element |
City planning |
| General subdivision |
Environmental aspects. |
| 906 ## - LOCAL DATA ELEMENT F, LDF (RLIN) |
| a |
7 |
| b |
cbc |
| c |
origres |
| d |
3 |
| e |
ncip |
| f |
20 |
| g |
y-gencatlg |
| 942 ## - ADDED ENTRY ELEMENTS (KOHA) |
| Source of classification or shelving scheme |
|
| 955 ## - COPY-LEVEL INFORMATION (RLIN) |
| Classification number, CCAL (RLIN) |
ve17 2021-02-26 |
| Book number/undivided call number, CCAL (RLIN) |
BD25 2021-04-07 TW Situational |
| Copy status, CST (RLIN) |
bd34 2021-08-26 tw |
| Circulation control number, HNT (RLIN) |
bd21 2021-10-20 (review) to PresSrv |